BIBLIOTECA

SENCICO

Técnica y Obras de Ingeniería Sanitaria (Registro nro. 1258)

Detalles MARC
000 -LEADER
fixed length control field 01059nam a2200301Ia 4500
005 - DATE AND TIME OF LATEST TRANSACTION
control field 20251020182505.0
008 - FIXED-LENGTH DATA ELEMENTS--GENERAL INFORMATION
fixed length control field 200515s9999 xx 000 0 und d
020 ## - INTERNATIONAL STANDARD BOOK NUMBER
International Standard Book Number 84-7146-118-8
082 ## - DEWEY DECIMAL CLASSIFICATION NUMBER
Classification number 628/J74
100 ## - MAIN ENTRY--PERSONAL NAME
Personal name Josa Castells, Fernando
100 ## - MAIN ENTRY--PERSONAL NAME
Personal name Nadal Aixala, Jaime [et al.]
100 ## - MAIN ENTRY--PERSONAL NAME
Personal name Urbistondo Echeverria, Rodolfo
245 #0 - TITLE STATEMENT
Title Técnica y Obras de Ingeniería Sanitaria
260 ## - PUBLICATION, DISTRIBUTION, ETC.
Place of publication, distribution, etc. Barcelona
260 ## - PUBLICATION, DISTRIBUTION, ETC.
Name of publisher, distributor, etc. Editores Técnicos Asociados
260 ## - PUBLICATION, DISTRIBUTION, ETC.
Date of publication, distribution, etc. 1973
300 ## - PHYSICAL DESCRIPTION
Extent 336 p.
300 ## - PHYSICAL DESCRIPTION
Other physical details il., tbl., graf., map.
490 ## - SERIES STATEMENT
Series statement Materiales, Maquinarias y Métodos para la Construcción
500 ## - GENERAL NOTE
General note 1 ejemplar
520 ## - SUMMARY, ETC.
Summary, etc. Abarca un amplio campo de disciplinas que van desde el estudio y aprovechamiento de los recursos de agua hasta la evaluación de los efluentes y residuos urbanos e industriales, pasando por todas las técnicas de la lucha contra la polución del medio ambien
650 ## - SUBJECT ADDED ENTRY--TOPICAL TERM
Topical term or geographic name entry element AGUA
650 ## - SUBJECT ADDED ENTRY--TOPICAL TERM
Topical term or geographic name entry element INGENIERIA SANITARIA
650 ## - SUBJECT ADDED ENTRY--TOPICAL TERM
Topical term or geographic name entry element LIB
650 ## - SUBJECT ADDED ENTRY--TOPICAL TERM
Topical term or geographic name entry element MEDIO AMBIENTE
942 ## - ADDED ENTRY ELEMENTS (KOHA)
Koha item type Libros
Existencias
Fecha de la última vez que lo usaron Pago total Signatura topográfica completa Código de barras Precio efectivo desde Tipo de documento Estado perdido Estado dañado No es para préstamo Retirado Ubicación permanente Ubicación actual Fecha de adquisición
15/05/2020   628/J74 Bib-Lima15051258 15/05/2020 Libros         Biblioteca Central Lima Biblioteca Central Lima 15/05/2020